000 00429nam a22001811a 4500
001 6505
003 OSt
005 20260204212053.0
008 060509s19??||||sp ||||||b||||||||||spa||
020 _a8431903694
050 _a813.3 A19m
100 _aAlcot, Louise May
245 _aMujercitas / Louise May Alcot
264 _aEspaƱa : Vasco Americana
300 _a62 p
650 _aNovela EstadounidenseÌ
942 _2ddc
_cBK
999 _c6505
_d6505